Textile technology
| Main Author: | |
|---|---|
| Format: | Book |
| Published: |
New Delhi :
A.P.H Pub. Corp. ,
2015
|
| Subjects: |
MARC
| LEADER | 00000cam a2200000 7i4500 | ||
|---|---|---|---|
| 001 | 0000060677 | ||
| 005 | 20160308.0 | ||
| 008 | 160307 | ||
| 020 | |a 9789331324498 | ||
| 090 | 0 | 0 | |a 746.92 |b MAH |
| 100 | 1 | |a Mahapatra, Dr. N.N | |
| 245 | 1 | 0 | |a Textile technology |c Dr. N.N. Mahapatra |
| 260 | |a New Delhi : |b A.P.H Pub. Corp. , |c 2015 | ||
| 300 | |a 254 p. : |b col. ill. ; |c 21.9 cm. | ||
| 650 | 0 | |a Clothing & dress |x History | |
| 650 | 0 | |a Fashion design |x History | |
| 650 | 0 | |a Tailoring |x History | |
| 999 | |a 0001393432 |b Book |c REFERENCE |e Perbadanan Perpustakaan Awam Johor | ||